|
|
|
|
| LEADER |
01118pam a22003378a 4500 |
| 001 |
00034905 |
| 005 |
20171026081025.0 |
| 008 |
161103s2012 ||||||Viesd |
| 020 |
# |
# |
|c 12700
|
| 041 |
0 |
# |
|a Vie
|
| 082 |
1 |
4 |
|a 515.076
|b B103T
|
| 245 |
0 |
0 |
|a Bài tập Giải tích 12
|c Vũ Tuấn; Lê Thị Thiên Hương...[ Và những người khác]
|
| 250 |
# |
# |
|a Tái bản lần thứ 4
|
| 260 |
# |
# |
|a Hà Nội
|b Giáo dục
|c 2012
|
| 300 |
# |
# |
|a 223 tr.
|b hình vẽ
|c 24 cm.
|
| 650 |
# |
4 |
|a Lớp 12
|
| 650 |
# |
4 |
|a Giải tích
|
| 650 |
# |
4 |
|a Sách giáo khoa
|
| 700 |
1 |
# |
|a Cấn Văn Tuất
|
| 700 |
1 |
# |
|a Lê, Thị Thiên Hương
|
| 700 |
1 |
# |
|a Nguyễn, Thị Thu Nga
|
| 700 |
1 |
# |
|a Nguyễn, Tiến Tài
|
| 700 |
1 |
# |
|a Phạm, Thu
|
| 700 |
1 |
# |
|a Vũ, Tuấn
|e Chủ biên
|
| 852 |
# |
# |
|b Kho mượn
|j KGT.0051568, KGT.0051569
|
| 852 |
# |
# |
|b Kho đọc
|j KD.0017400
|
| 852 |
# |
# |
|j KD.0017400
|j KGT.0051568
|j KGT.0051569
|
| 910 |
|
|
|d 03/11/2016
|
| 980 |
# |
# |
|a Trung tâm Học liệu Lê Vũ Hùng, Trường Đại học Đồng Tháp
|